000 00722nam a2200253Ia 4500
001 Para_1991
003 CHAP
008 220125s1997 xx 000 0 und d
010 _a200586
040 _cCHAP
082 _aPA 595.701 L53
100 _aLlanderal Cázares, Celina
_967251
245 _aIntroducción a la fisiología de insectos /
_c por Celina Llanderal Cázares
260 _aMontecillos, Méx. :
_b Colegio de Postgraduados
300 _a170 p.
650 _aInsectos
_x anatomía y fisiología
_958891
901 _aPA 595.701 L53
902 _aA
905 _a0000001997 i 0000000000 00
910 _a1997
942 _cPARA
942 _cPARA
_d1
999 _c200586
_d200586